01325nam a2200289 a 450000500170000000800410001702000150005804100080007310000210008124501940010225000390029626000320033530000160036750002300038365300290061365300280064265300370067065300400070765300370074765300420078465300230082665300410084965300220089065300550091265300430096765300250101020240412132759.0100527e1988||||sp |||f |||| 001 0 spa d a8474323142 aspa1 aNossal, G. J. V. 4aLos límites de la manipulación genética.bExposición de los temas clave en ingeniería genética y de las exploraciones científicas en los confines de la vida /cG. J. V. Nossal a1a ed.bTraducción Beatriz Lopez aBarcelona: bGedisa;c1988. a195 p.bil. aNossal, G. J. V. (1988). Los límites de la manipulación genética. Exposición de los temas clave en ingeniería genética y de las exploraciones científicas en los confines de la vida. (1a ed.). Barcelona : Gedisa. aGenio sale de la lampara aOrganizacion de la vida aMecanica del tranplante de genes aFabricas de proteinas inapreciables aGenes como sondas de diagnostico aTerapia de genes e ingenieria celular aVacunas del futuro aGenes como esclavos de la tecnologia aIndustria del ADN aCuando los cientificos se arrogan al papel de Dios aIngenieria genetica y politica publica aHorizontes distantes